Finančná perspektíva spoločnej poľnohospodárskej politiky EÚ z pohľadu riadenia verejných financií

Analýza trendov vo financovaní poľnohospodárstva v procese reformných zmien spoločnej poľnohospodárskej politiky Európskej únie.

Salvato in:
Dettagli Bibliografici
Autore principale: Kotulič, Rastislav
Natura: Capitolo di libro
Lingua:slovacco
Soggetti:
Tags: Aggiungi Tag
Nessun Tag, puoi essere il primo ad aggiungerne!!

MARC

LEADER 00000naa a2200000 4500
001 0122958
005 20231204092902.3
041 0 |a slo 
044 |a SK 
245 1 0 |a Finančná perspektíva spoločnej poľnohospodárskej politiky EÚ z pohľadu riadenia verejných financií  |c Rastislav Kotulič 
520 |a Analýza trendov vo financovaní poľnohospodárstva v procese reformných zmien spoločnej poľnohospodárskej politiky Európskej únie. 
610 2 0 |a politika poľnohospodárska 
610 2 0 |a financie verejné 
610 2 0 |a Európska únia 
610 2 0 |a spolupráca hospodárska medzinárodná 
100 1 |a Kotulič, Rastislav